Um Natal que não termina (Record no. 69900)

MARC details
000 -LÍDER
campo de controle de tamanho fixo 00389 a2200169 4500
001 - NÚMERO DE CONTROLE
campo de controle 69900
020 ## - ISBN - INTERNATIONAL STANDARD BOOK NUMBER
ISBN - International Standard Book Number 8528100375
040 ## - FONTE DA CATALOGAÇÃO
Instituição que transcreveu o registro Anchieta - Itaigara
100 ## - ENTRADA PRINCIPAL--NOME PESSOAL
Nome pessoal Machado, Ana Maria
240 10 - TÍTULO UNIFORME
Título uniforme Um Natal que não termina
Idioma da obra por
245 10 - TÍTULO
Título Um Natal que não termina
300 ## - DESCRIÇÃO FÍSICA
Extensão 32
362 0# - DATAS DE PUBLICAÇÃO E/OU DESIGNAÇÃO SEQUENCIAL
Datas de publicação e/ou designação sequencial 1993
440 #1 - DECLARAÇÃO DE SÉRIE/ENTRADA ADICIONADA--TÍTULO
Título Salamandra
650 #4 - ASSUNTO--TERMO TÓPICO
Cabeçalho tópico ou nome geográfico Literatura infanto-juvenil
942 ## - ELEMENTOS DE ENTRADA ADICIONADOS (KOHA)
Tipo de material Koha Livros
Holdings
Situação do descarte Situação das perdas Situação física Não pode ser emprestado Biblioteca de origem Biblioteca atual Data de aquisição Total de empréstimos Código de barras Data de último acesso Data do preço efetivo Tipo de material Koha
        Colégio São Paulo Colégio São Paulo 21/11/2023   2757/ITA 21/11/2023 21/11/2023 Livros
        Colégio São Paulo Colégio São Paulo 21/11/2023   2758/ITA 21/11/2023 21/11/2023 Livros